[Event "CRO-chT3B Center North"]
[Site "Croatia"]
[Date "2016.10.23"]
[Round "8.4"]
[White "Stankovic, Sasa"]
[Black "Slonja, Josip"]
[Result "1-0"]
[WhiteElo "1934"]
[BlackElo "1665"]
[PlyCount "113"]
[EventDate "2016.04.03"]
[EventType "team-tourn"]
[EventRounds "9"]
[EventCountry "CRO"]
[SourceTitle "EXT 2019"]
[Source "ChessBase"]
[SourceDate "2018.10.10"]
[SourceVersion "1"]
[SourceVersionDate "2018.10.10"]
[SourceQuality "1"]

1. d4 d5 2. Nf3 Nf6 3. Bf4 e6 4. e3 Bd6 5. Bg5 h6 6. Bh4 Nbd7 7. c4 b6 8. Nc3 Bb7 9. cxd5 exd5 10. Qa4 c6 11. Be2 0-0 12. 0-0 Re8 13. Rac1 Qe7 14. Rc2 Qe6 15. Nd2 Ng4 16. Bg3 Bxg3 17. hxg3 Ndf6 18. Qb4 h5 19. a4 Rac8 20. a5 c5 21. dxc5 Rxc5 22. axb6 axb6 23. Rfc1 Rec8 24. Nb3 R5c7 25. Nd4 Qe5 26. Qxb6 Ba8 27. Ba6 Re8 28. Nf3 Qe7 29. Qd4 Rb8 30. Bd3 Rcb7 31. Na4 Rb4 32. Rc8+ Ne8 33. Rxb8 Rxd4 34. Nxd4 g6 35. Rxa8 Kg7 36. Rac8 Ne5 37. Be2 Nf6 38. b3 Neg4 39. R8c7 Qe5 40. Nf3 Qe8 41. Rc8 Qe6 42. Bf1 Ne4 43. R8c2 Nexf2 44. Rxf2 Qxe3 45. Rcc2 Nxf2 46. Rxf2 Qxb3 47. Nb2 Qe3 48. Nd1 Qc1 49. Rd2 Kf6 50. Rxd5 Qb1 51. Kh2 Qb3 52. Rd7 Qe6 53. Rd2 g5 54. Nc3 h4 55. gxh4 gxh4 56. Kh1 Qe3 57. Nd5+ 1-0